| 000 | 01932cam a2200385 i 4500 | ||
|---|---|---|---|
| 003 | OSt | ||
| 005 | 20210503113306.0 | ||
| 008 | 110208s2010 ck r 000 0 spa d | ||
| 020 | _a9789587049503 | ||
| 040 |
_aCO-BoPUJ _cCO-JMCR |
||
| 041 | 1 |
_aspa _heng |
|
| 082 | 0 | 4 |
_a330.9 / _bS733c _223 |
| 100 | 1 |
_aStiglitz, Joseph Eugene, _d1943- _eautor _937352 |
|
| 240 | 1 | 0 |
_aFreefall : America, free markets, and the sinking of the world economy _lEspañol |
| 245 | 1 | 0 |
_aCaída libre : _bel libre mercado y el hundimiento de la economía mundial / _cJoseph Eugene Stiglitz ; traducción de Alejandro Pradera y Núria Petit |
| 250 | _aPrimera edición. | ||
| 260 |
_aBogotá : _bTauros, _c2010. |
||
| 300 |
_a423 páginas ; _c24 cm. |
||
| 490 | 1 | _aPensamiento (Taurus) | |
| 500 | _aDatos biográficos del autor en solapa frontal. | ||
| 504 | _aBibliográficas : páginas 345-423. | ||
| 505 | 0 | _aLa gestación de una crisis. -- La caída libre y sus repercusiones. -- Una respuesta fallida. -- El fraude de las hipotecas. -- El gran atraco estadounidense. -- La avaricia rompe el saco. -- Un nuevo orden capitalista. -- De la recuperación mundial a la prosperidad mundial. -- Reformar las ciencias económicas. -- Hacia una nueva sociedad. | |
| 586 | _aPremio Nobel de Economía. | ||
| 650 | 1 | 4 |
_aCrisis financiera _zEstados Unidos _937353 |
| 650 | 2 | 4 |
_aCrisis económica _zEstados Unidos _937354 |
| 650 | 2 | 4 |
_aCrisis financiera global, 2008-2009 _y2008-2009 _937355 |
| 650 | 2 | 4 |
_aFinanzas _xPolítica gubernamental _zEstados Unidos _937356 |
| 651 | 4 |
_aEstados Unidos _xPolítica económica _y2001-2009 _937357 |
|
| 700 | 1 |
_aPradera, Alejandro, _etraductor _937358 |
|
| 700 | 1 |
_aPetit, Núria, _etraductor _937359 |
|
| 830 | 0 |
_aPensamiento (Taurus Ediciones) _937360 |
|
| 942 |
_2ddc _cBK |
||
| 999 |
_c11633 _d11633 |
||